LEADER 01760nam 2200529 a 450 001 9910456245803321 005 20200520144314.0 010 $a1-280-20381-1 010 $a9786610203819 010 $a0-309-58324-1 010 $a0-585-14331-5 035 $a(CKB)110986584751060 035 $a(SSID)ssj0000218766 035 $a(PQKBManifestationID)11187099 035 $a(PQKBTitleCode)TC0000218766 035 $a(PQKBWorkID)10220860 035 $a(PQKB)11589202 035 $a(MiAaPQ)EBC3376204 035 $a(Au-PeEL)EBL3376204 035 $a(CaPaEBR)ebr10055200 035 $a(OCoLC)923261970 035 $a(EXLCZ)99110986584751060 100 $a19910403d1991 uy 0 101 0 $aeng 135 $aurcn||||||||| 181 $ctxt 182 $cc 183 $acr 200 10$aPatient outcomes research teams$b[electronic resource] $emanaging conflict of interest /$fCommittee on Potential Conflicts of Interest in Patient Outcomes Research Teams, Institute of Medicine ; Molla S. Donaldson and Alexander M. Capron, editors 210 $aWashington, D.C. $cNational Academy Press$d1991 215 $axii, 170 p 300 $aBibliographic Level Mode of Issuance: Monograph 311 $a0-309-04482-0 320 $aIncludes bibliographical references (p. 93-97). 606 $aOutcome assessment (Medical care)$zUnited States 608 $aElectronic books. 615 0$aOutcome assessment (Medical care) 676 $a362.1/042 701 $aDonaldson$b Molla S$0873645 701 $aCapron$b Alexander Morgan$0959304 801 0$bMiAaPQ 801 1$bMiAaPQ 801 2$bMiAaPQ 906 $aBOOK 912 $a9910456245803321 996 $aPatient outcomes research teams$92173706 997 $aUNINA LEADER 01920oam 2200421 450 001 9910792481203321 005 20170523091546.0 010 $a0-12-384872-5 035 $a(OCoLC)879495347 035 $a(MiFhGG)GVRL8DQT 035 $a(EXLCZ)992660000000011290 100 $a20140424d2014 uy 0 101 0 $aeng 135 $aurun|---uuuua 181 $ctxt 182 $cc 183 $acr 200 10$aPlant virology /$fRoger Hull, John Innes Centre, Norwich, UK 205 $aFifth edition. 210 1$aLondon :$cAcademic Press,$d2014. 215 $a1 online resource (xiv, 1104 pages) $cillustrations (some color), portraits 225 0 $aGale eBooks 300 $aDescription based upon print version of record. 311 $a0-12-384871-7 320 $aIncludes bibliographical references and index. 327 $asection I. Introduction -- section II. Virus-plant-vector : molecular mechanisms and interactions -- section III. Applied aspects -- section IV. Plant virus viromics. 330 $aThe seminal text Plant Virology is now in its fifth edition. It has been 10 years since the publication of the fourth edition, during which there has been an explosion of conceptual and factual advances. The fifth edition of Plant Virology updates and revises many details of the previous edition while retaining the important earlier results that constitute the field's conceptual foundation. Revamped art, along with fully updated references and increased focus on molecular biology, transgenic resistance, aphid transmission, and new, cutting-edge topics, bring the volume up to date 606 $aPlant viruses 615 0$aPlant viruses. 676 $a1119 700 $aHull$b Roger$01503819 702 $aHull$b Roger$f1937- 801 0$bMiFhGG 801 1$bMiFhGG 906 $aBOOK 912 $a9910792481203321 996 $aPlant virology$93732463 997 $aUNINA